Score 0/19 Timer 03:00
0 Plays Today
Clue 4-Letter Rung % Correct
Be sure to pull a prank on April 1, April _____'s DayFOOL
92.9%
Break your diet by celebrating National Junk _____ Day on July 21FOOD
90.7%
Get into the action on National Swimming _____ Day, July 11, by taking a dipPOOL
89.1%
Make it through the Geico Camel's favorite day of the week, Wednesday (also known as this day), every weekHUMP
88.4%
Stop by _____ Stone Creamery to join in on National Ice Cream Sundae Day, July 8COLD
88.3%
Observe Flag Day on June 14 by learning to do this to a flag after flying itFOLD
87.3%
Take part in Election Day, between November 2 and 8, by heading here to cast a ballotPOLL
87.3%
Participate in Have a Coke Day, May 8, by cracking open a can of thisCOLA
86.9%
This Cannabis plant had its first annual ''History Week'' in 2010 to raise awareness of its farming and productsHEMP
83.5%
Say ''Cheers!'' to National Beer Day, April 7, by acknowledging this ingredientHOPS
79%
Clue 4-Letter Rung % Correct
Greet National Day of Spain, October 12, with this wordHOLA
78.4%
Enjoy National Cake Day, November 26, by eating Cake _____, cake on a stickPOPS
77.4%
Make a difference on Make a Difference Day (the fourth Saturday in October) by giving this to someone who needs itHELP
75.8%
These are the people elected on the aforementioned election dayPOLS
73.6%
We are keeping our fingers crossed that you know that the first Wednesday of April is National Day of thisHOPE
61%
Celebrate American Heart Month, February, by participating in this fundraiser: _____ [Last Rung] for HeartJUMP
58.6%
Celebrate American Heart Month, February, by participating in this fundraiser: [First Rung] _____ for HeartROPE
42.3%
If you celebrate Hobbit Day every September 22, you should know this last name of the actor to portray Bilbo BagginsHOLM
26.6%
You don't need to head to this Antarctic Peak to participate in Global Wind Day, June 15HELM
24.8%

Today's Daily Dose

Remove Ads.
Support Sporcle.
Get the best of Sporcle when you Go Orange. This ad-free experience offers more features, more stats, and more fun while also helping to support Sporcle. Thank you for becoming a member.

You're not logged in!

Compare scores with friends on all Sporcle quizzes.
OR
Log In

Show Comments

Extras

Top Quizzes Today


Score Distribution

Your Account Isn't Verified!

In order to create a playlist on Sporcle, you need to verify the email address you used during registration. Go to your Sporcle Settings to finish the process.

Report this User

Report this user for behavior that violates our Community Guidelines.

Details: